000
00286nam a2200109Ia 4500
008
200302s9999 xx 000 0 und d
100
_a
Ro Spankie
245
_a
Basics Interior Architecture 03 Drawing out the interior
260
_b
Ava Publishing Sa
260
_c
2009
300
_a
175 P.,
999
_c
4243
_d
4243